Govt. of
Madhya Pradesh

Celts and Anglo Saxons (Record no. 38879)

MARC details
000 -LEADER
fixed length control field 003650000a22001330004500
003 - CONTROL NUMBER IDENTIFIER
control field MACL
040 ## - CATALOGING SOURCE
Original cataloging agency MACL
090 ## - LOCALLY ASSIGNED LC-TYPE CALL NUMBER (OCLC); LOCAL CALL NUMBER (RLIN)
-- 39307
-- 39305
100 ## - MAIN ENTRY--PERSONAL NAME
Personal name Morley, Henry
245 ## - TITLE STATEMENT
Title Celts and Anglo Saxons
Remainder of title An Introductory Sketch of the Four Periods of English Literature
260 ## - PUBLICATION, DISTRIBUTION, ETC. (IMPRINT)
Name of publisher, distributor, etc. Chapman & Hall's Ltd
Date of publication, distribution, etc. 1867
650 ## - SUBJECT ADDED ENTRY--TOPICAL TERM
Topical term or geographic name as entry element English Literature
942 ## - ADDED ENTRY ELEMENTS (KOHA)
Koha item type Library Membar
Call number prefix 820/MOR
Holdings
Withdrawn status Lost status Damaged status Not for loan Home library Current library Date acquired Total Checkouts Full call number Barcode Date last seen Uniform Resource Identifier Price effective from Koha item type
        MACL MACL     820/MOR BOOK CLE16595 29/04/2015 39103 15/04/2015 Books